| 000 | 00564nam a22001817a 4500 | ||
|---|---|---|---|
| 005 | 20130516160412.0 | ||
| 010 | _aENG-107017 | ||
| 020 |
_a9789350020692 _c150.00 |
||
| 035 | _aEN-90550 | ||
| 037 | _bDBAD/PUB | ||
| 082 | _a324.0954 | ||
| 100 | _aRavi Kumar | ||
| 245 | 1 | 0 |
_aGhetto and within : _cby Ravi Kumar _bclass, identity, state and political mobilisation / |
| 260 |
_aDelhi _bAakar Books _c2010 |
||
| 270 |
_a28E, Pocket-IV, Mayur Vihar, Phase-1 _bDelhi _e110091 |
||
| 300 |
_a110p.: _c22cm(pbk) _bill. |
||
| 942 |
_2ddc _cEN _mRAV _h324.0954 |
||
| 999 |
_c75307 _d75307 |
||